00620nam a2200181 i 450000100060000000300090000600500170001500700030003200800410003510000320007624500680010825000120017626000530018830000270024185200320026899900170030095201210031760187ES-MaACL20230906164155.0t|031103s1955 sp ||||1| spa d1 aErrandonea, Ignacio.94742710aGramática sucinta de la lengua griega / cIgnacio Errandonea. a4ª ed. aBarcelona : bSubirana, c1955 (fTip. Catalana) aXIV, 140 p. ; c21 cm. aES-MaACLjC-10379 bR.38337 c60187d60187 00104070aATENEOMbATENEOMcSPALd2008-01-17eSCl0oC-10379p1063132r2023-02-23 00:00:00w2023-02-23yMONOGRAFIA